000 00353nam a2200145 i 4500
001 bg
100 1 _aKUBIATOWICZ, Lucjan
245 0 _aSłownik geografii Ameryki /
_cLucjan Kubiatowicz.
250 _aWyd.2 popr. i uzup.
260 _aWarszawa,
_c1975.
040 _cBPK
041 _apol
942 _cKS
008 s pl f |000 0 pol
999 _c16925
_d16925
856 _uhttp://koha.tu.koszalin.pl/cgi-bin/koha/opac-detail.pl?biblionumber=16925
_yKatalog online BPK